[Event "SLO-chT1 Ost"]
[Site "Sentjur"]
[Date "2011.10.15"]
[Round "3"]
[White "Mihevc, Ivo"]
[Black "Lesnik, Maks"]
[Result "1-0"]
[WhiteElo "2175"]
[BlackElo "1919"]
[PlyCount "63"]
[EventDate "2011.10.13"]
[EventType "team-tourn"]
[EventRounds "9"]
[EventCountry "SLO"]
[SourceTitle "EXT 2022"]
[Source "ChessBase"]
[SourceDate "2021.10.06"]
[SourceVersion "1"]
[SourceVersionDate "2021.10.06"]
[SourceQuality "1"]
[WhiteTeam "Maribor Kovinar Nova"]
[BlackTeam "Slovenska Bistrica Impol"]
[WhiteTeamCountry "SLO"]
[BlackTeamCountry "SLO"]

1. e4 c6 2. d4 d5 3. e5 Bf5 4. Nd2 e6 5. Nb3 Nd7 6. Nf3 a6 7. Be3 Rc8 8. c4 Bb4+ 9. Nfd2 dxc4 10. Bxc4 Nb6 11. 0-0 Bg6 12. Be2 Nh6 13. Bxh6 gxh6 14. a3 Be7 15. Bf3 0-0 16. Be4 Nd5 17. Qg4 h5 18. Qf3 b6 19. Rfd1 a5 20. Nc1 a4 21. Nd3 Bg5 22. Nc4 Be7 23. Nf4 b5 24. Ne3 Kh8 25. Nxh5 Rg8 26. Nf4 Bg5 27. Nxg6+ fxg6 28. g3 h5 29. h4 Bh6 30. Ng2 Rf8 31. Qd3 g5 32. Bxd5 1-0

[Event "SLO-chT1 Ost"]
[Site "Sentjur"]
[Date "2011.10.14"]
[Round "2"]
[White "Lesnik, Maks"]
[Black "Kranjec, Toni"]
[Result "1/2-1/2"]
[WhiteElo "1919"]
[BlackElo "1984"]
[PlyCount "108"]
[EventDate "2011.10.13"]
[EventType "team-tourn"]
[EventRounds "9"]
[EventCountry "SLO"]
[SourceTitle "EXT 2022"]
[Source "ChessBase"]
[SourceDate "2021.10.06"]
[SourceVersion "1"]
[SourceVersionDate "2021.10.06"]
[SourceQuality "1"]
[WhiteTeam "Slovenska Bistrica Impol"]
[BlackTeam "Hoce"]
[WhiteTeamCountry "SLO"]
[BlackTeamCountry "SLO"]

1. d4 d5 2. Nf3 Nf6 3. c3 c6 4. Bg5 Bf5 5. e3 e6 6. Bd3 Bxd3 7. Qxd3 Be7 8. Nbd2 0-0 9. 0-0 Nbd7 10. a4 c5 11. a5 c4 12. Qc2 Qc7 13. e4 h6 14. Bh4 dxe4 15. Nxe4 Nd5 16. Bxe7 Nxe7 17. Ned2 b5 18. Rfe1 Nd5 19. Ne5 Nxe5 20. Rxe5 a6 21. Ne4 Rac8 22. g3 Rfd8 23. Qe2 Qc6 24. Nc5 Nf6 25. h3 Rd5 26. Re1 Nd7 27. Nxd7 Qxd7 28. Rxd5 Qxd5 29. Qg4 Qd8 30. Ra1 Rb8 31. Qf3 Qc8 32. Kg2 Qc7 33. h4 Rd8 34. Qe4 Rd5 35. f4 g6 36. Qf3 Kg7 37. Qe4 Qd6 38. Qf3 b4 39. Ra4 bxc3 40. bxc3 Qc6 41. Rb4 Qc7 42. Qe2 Qxa5 43. Qxc4 Qa3 44. Qb3 Qc1 45. Qb2 Qe3 46. Kh2 g5 47. c4 Rxd4 48. hxg5 hxg5 49. c5 Qd2+ 50. Qxd2 Rxd2+ 51. Kh3 gxf4 52. gxf4 Rc2 53. Ra4 Rxc5 54. Rxa6 Kg6 1/2-1/2

[Event "SLO-chT1 Ost"]
[Site "Sentjur"]
[Date "2011.10.13"]
[Round "1"]
[White "Lesnik, Maks"]
[Black "Gazvoda, Franc"]
[Result "0-1"]
[WhiteElo "1919"]
[BlackElo "2110"]
[PlyCount "116"]
[EventDate "2011.10.13"]
[EventType "team-tourn"]
[EventRounds "9"]
[EventCountry "SLO"]
[SourceTitle "EXT 2022"]
[Source "ChessBase"]
[SourceDate "2021.10.06"]
[SourceVersion "1"]
[SourceVersionDate "2021.10.06"]
[SourceQuality "1"]
[WhiteTeam "Slovenska Bistrica Impol"]
[BlackTeam "Sentjur"]
[WhiteTeamCountry "SLO"]
[BlackTeamCountry "SLO"]

1. d4 d5 2. Nf3 Nf6 3. Bf4 e6 4. c3 Bd6 5. Bg3 0-0 6. Nbd2 c5 7. dxc5 Bxc5 8. e3 Nc6 9. Be2 Re8 10. 0-0 Nh5 11. Nb3 Nxg3 12. hxg3 Bb6 13. Qc2 Bd7 14. Rad1 Rc8 15. Qd2 Qf6 16. Nc1 Ne7 17. Nd3 Ng6 18. Nf4 Ne5 19. Nxe5 Qxe5 20. Bf3 Ba4 21. Rc1 Bb5 22. Rfe1 Qb8 23. Ra1 Red8 24. a4 Be8 25. a5 Bc7 26. Bd1 Be5 27. Bc2 g6 28. Qe2 Bg7 29. Rec1 e5 30. Nh3 d4 31. exd4 exd4 32. cxd4 Bxd4 33. Bb3 Qxg3 34. Rxc8 Rxc8 35. Rd1 Bxf2+ 36. Qxf2 Qxb3 37. Rf1 b6 38. Kh1 bxa5 39. Ng5 Qd5 40. Qh4 h5 41. Ne4 Qe5 42. Nf6+ Kg7 43. Qf2 Bc6 44. Nd7 Qd5 45. Nf6 Qg5 46. b4 axb4 47. Qb2 Kh6 48. Kg1 Qe3+ 49. Kh2 Qc3 50. Qf2 Qe5+ 51. Kg1 a5 52. Qd2+ Qg5 53. Qb2 Qe3+ 54. Kh2 Rd8 55. Rf2 a4 56. Re2 Qf4+ 57. g3 Qf1 58. g4 Qf4+ 0-1

[Event "SLO-chT1 Ost"]
[Site "Sentjur"]
[Date "2010.11.05"]
[Round "2"]
[White "Lesnik, Maks"]
[Black "Zorko, Joze"]
[Result "0-1"]
[WhiteElo "1930"]
[BlackElo "2112"]
[PlyCount "64"]
[EventDate "2010.11.04"]
[EventType "team-tourn"]
[EventRounds "9"]
[EventCountry "SLO"]
[SourceTitle "EXT 2022"]
[Source "ChessBase"]
[SourceDate "2021.10.06"]
[SourceVersion "1"]
[SourceVersionDate "2021.10.06"]
[SourceQuality "1"]
[WhiteTeam "Slovenska Bistrica Impol"]
[BlackTeam "Celjski"]
[WhiteTeamCountry "SLO"]
[BlackTeamCountry "SLO"]

1. d4 d5 2. Nf3 e6 3. c3 c5 4. Bg5 Be7 5. Bxe7 Qxe7 6. e3 Nf6 7. Bd3 0-0 8. Nbd2 Nc6 9. Nf1 e5 10. dxe5 Nxe5 11. Be2 b6 12. Ng3 Bb7 13. 0-0 Rad8 14. Nxe5 Qxe5 15. Bf3 Ne4 16. Bxe4 dxe4 17. Qa4 a6 18. Rad1 b5 19. Qc2 c4 20. Rd4 Rxd4 21. cxd4 Qd5 22. Ne2 f5 23. Nf4 Qd6 24. g3 g5 25. Ng2 f4 26. Rd1 f3 27. Ne1 Bd5 28. Qc3 b4 29. Qc2 Qd7 30. a3 Rf6 31. Nxf3 exf3 32. e4 Qh3 0-1

[Event "SLO-chT1 West"]
[Site "Sentjur"]
[Date "2009.11.08"]
[Round "9"]
[White "Lesnik, Maks"]
[Black "Grobin, Blaz"]
[Result "1/2-1/2"]
[WhiteElo "1962"]
[BlackElo "1604"]
[PlyCount "48"]
[EventDate "2009.10.22"]
[EventType "team-tourn"]
[EventRounds "9"]
[EventCountry "SLO"]
[SourceTitle "EXT 2010"]
[Source "ChessBase"]
[SourceDate "2010.11.25"]
[SourceVersion "1"]
[SourceVersionDate "2010.11.25"]
[SourceQuality "1"]

1. d4 d5 2. Nf3 Bg4 3. c3 Nd7 4. Bf4 e6 5. Nbd2 Ngf6 6. e3 c5 7. Be2 c4 8. Ne5 Bxe2 9. Qxe2 Nxe5 10. Bxe5 Bd6 11. Bg3 Rc8 12. e4 Bxg3 13. hxg3 Qe7 14. e5 Nd7 15. Qg4 g6 16. Rh6 b5 17. f4 b4 18. Qf3 Qf8 19. Rh3 h5 20. Ke2 f5 21. Ke3 Nb6 22. Rhh1 Rh7 23. a4 a5 24. Rhc1 Rb8 1/2-1/2

[Event "SLO-chT1 West"]
[Site "Sentjur"]
[Date "2009.10.24"]
[Round "3"]
[White "Korze, Danilo"]
[Black "Lesnik, Maks"]
[Result "1/2-1/2"]
[WhiteElo "2071"]
[BlackElo "1962"]
[PlyCount "130"]
[EventDate "2009.10.22"]
[EventType "team-tourn"]
[EventRounds "9"]
[EventCountry "SLO"]
[SourceTitle "EXT 2010"]
[Source "ChessBase"]
[SourceDate "2010.11.25"]
[SourceVersion "1"]
[SourceVersionDate "2010.11.25"]
[SourceQuality "1"]

1. c4 c6 2. Nc3 Nf6 3. g3 d5 4. d4 Nbd7 5. Bg2 dxc4 6. e4 Nb6 7. Nge2 h5 8. h4 g6 9. 0-0 Bh6 10. Bxh6 Rxh6 11. Qd2 Rh8 12. Rad1 Qc7 13. a4 a5 14. Rfe1 Kf8 15. Qg5 Kg7 16. Nf4 Rh6 17. Qc5 Ng8 18. d5 Nd7 19. Qxc4 Ne5 20. Qc5 Nd7 21. Qa3 Ne5 22. Qb3 Bg4 23. Rc1 Qd7 24. Re3 Qd6 25. Nce2 Bxe2 26. Rxe2 Rh8 27. Nd3 Nxd3 28. Qxd3 cxd5 29. Qxd5 Qxd5 30. exd5 Rb8 31. Rc7 b5 32. axb5 Rxb5 33. Ra7 Rc5 34. Bf3 Kf6 35. Ra8 Kg7 36. Ra7 Kf6 37. Kg2 Kg7 38. Re3 Rb5 39. b3 Rc5 40. Re1 Rb5 41. Ra1 Rxb3 42. R1xa5 Rb6 43. Rc5 Rd6 44. Rcc7 Rd8 45. Rc2 Kf8 46. Rcc7 Kg7 47. Rcb7 Kf6 48. Kf1 Kg7 49. Ke2 Kh6 50. Ke3 Kg7 51. Kd4 Rd6 52. Be4 Kf6 53. f4 Rd8 54. Rb6+ Kg7 55. Bf3 Kf8 56. Rbb7 Kg7 57. Ke5 Kf8 58. Rc7 Kg7 59. Kd4 Kf8 60. Ke5 Kg7 61. f5 gxf5 62. Kxf5 Rh6 63. Kf4 Rb8 64. Rcb7 Rc8 65. Rc7 Rb8 1/2-1/2

[Event "SLO Cup final"]
[Site "Rogla"]
[Date "2002.06.08"]
[Round "2"]
[White "Sorcnik, Franc"]
[Black "Lesnik, Maks"]
[Result "1-0"]
[WhiteElo "2241"]
[BlackElo "1952"]
[PlyCount "51"]
[EventDate "2002.06.07"]
[EventType "swiss"]
[EventRounds "5"]
[EventCountry "SLO"]
[SourceTitle "EXT 2008"]
[Source "ChessBase"]
[SourceDate "2007.11.25"]
[SourceVersion "1"]
[SourceVersionDate "2007.11.25"]
[SourceQuality "1"]

1. e4 c6 2. d4 d5 3. Nd2 dxe4 4. Nxe4 Bf5 5. Ng3 Bg6 6. Nf3 e6 7. h4 h6 8. h5 Bh7 9. Bd3 Bxd3 10. Qxd3 Nf6 11. Bd2 Bd6 12. Ne4 Nxe4 13. Qxe4 Nd7 14. c4 Nf6 15. Qe2 a5 16. 0-0-0 Qc7 17. Kb1 a4 18. Bc3 0-0-0 19. c5 Bf4 20. g3 Bg5 21. Qc2 Kd7 22. Ne5+ Ke7 23. f4 Nd5 24. fxg5 Ne3 25. Qf2 Nxd1 26. Qxf7# 1-0